[Event "AUTO-BEG-311"]
[Site "http://www.queenalice.com/game.php?id=578262"]
[Date "2009.4.26"]
[Round "1"]
[White "Elienay"]
[Black "goisneto"]
[Result "1-0"]
[WhiteElo "1201"]
[BlackElo "931"]

1. e4 e5 2. c4 Bc5 3. d3 Nf6 4. Be2 O-O 5. a3 a5 6. b4 axb4 7. axb4 Bxb4+ 8. Bd2
Rxa1 9. Bxb4 d6 10. Bc3 Ra8 11. Nf3 Nc6 12. h4 Bg4 13. d4 1-0

[Event "AUTO-BEG-311"]
[Site "http://www.queenalice.com/game.php?id=578263"]
[Date "2009.4.26"]
[Round "1"]
[White "goisneto"]
[Black "Elienay"]
[Result "0-1"]
[WhiteElo "943"]
[BlackElo "1189"]

1. e4 e6 2. Nf3 f5 3. d3 Bb4+ 4. Bd2 a5 5. a3 Bc5 6. Nc3 b5 7. Nxb5 c6 8. Nc3
Nf6 9. d4 Bxd4 10. Nxd4 c5 11. Ndb5 O-O 12. Qe2 Nxe4 13. Nxe4 fxe4 0-1

[Event "AUTO-BEG-311"]
[Site "http://www.queenalice.com/game.php?id=578282"]
[Date "2009.4.26"]
[Round "1"]
[White "goisneto"]
[Black "JeanRezende"]
[Result "0-1"]
[WhiteElo "910"]
[BlackElo "1281"]

1. e4 e5 2. Nf3 d6 3. d4 exd4 4. Nxd4 Bd7 5. Bc4 Ba4 6. Qe2 Nf6 7. Nc3 Bc6 8.
O-O Qe7 9. Re1 Nxe4 10. Nxe4 Nd7 11. Bg5 Qe5 12. Nxd6+ Bxd6 13. Bxf7+ Kxf7 0-1

[Event "AUTO-BEG-311"]
[Site "http://www.queenalice.com/game.php?id=578283"]
[Date "2009.4.26"]
[Round "1"]
[White "JeanRezende"]
[Black "goisneto"]
[Result "1-0"]
[WhiteElo "1280"]
[BlackElo "910"]

1. d4 d6 2. b4 Nf6 3. Bg5 Nc6 4. c3 e5 5. dxe5 Nxe5 6. Qd4 h6 7. Bf4 Nc6 8. Na3
Nxd4 9. cxd4 Bf5 10. Nb5 g6 11. e3 Bg7 12. Rc1 c6 13. Nxd6+ Ke7 14. Nxb7 1-0

[Event "AUTO-BEG-314"]
[Site "http://www.queenalice.com/game.php?id=585584"]
[Date "2009.5.9"]
[Round "1"]
[White "goisneto"]
[Black "RodicH"]
[Result "0-1"]
[WhiteElo "916"]
[BlackElo "1326"]

1. e4 e5 2. Nf3 Nc6 3. Bb5 Nd4 4. Nxd4 exd4 5. O-O c6 6. Bc4 Nf6 7. Qf3 Bd6 8.
Re1 O-O 9. d3 Qe7 10. Bg5 h6 11. Bxf6 gxf6 12. Qg4+ Kh7 13. c3 Rg8 14. Qf5+ Rg6
15. cxd4 b5 0-1

[Event "AUTO-BEG-314"]
[Site "http://www.queenalice.com/game.php?id=585585"]
[Date "2009.5.9"]
[Round "1"]
[White "RodicH"]
[Black "goisneto"]
[Result "1-0"]
[WhiteElo "1324"]
[BlackElo "918"]

1. d4 d5 2. Nf3 Nc6 3. Nc3 Nf6 4. e3 Bg4 5. h3 Bxf3 6. Qxf3 e6 7. Bd3 Bb4 8. e4
dxe4 9. Bxe4 Nxe4 10. Qxe4 Qxd4 11. Qxd4 Nxd4 12. O-O Bxc3 13. bxc3 Nxc2 14. Rb1
1-0

[Event "AUTO-BEG-314"]
[Site "http://www.queenalice.com/game.php?id=585586"]
[Date "2009.5.9"]
[Round "1"]
[White "goisneto"]
[Black "emanuelneto"]
[Result "0-1"]
[WhiteElo "924"]
[BlackElo "1443"]

1. e4 c5 2. Nf3 d6 3. d4 cxd4 4. Nxd4 e5 5. Nb3 Nf6 6. Nc3 Qb6 7. Nd5 Nxd5 8.
Qxd5 Be6 9. Qb5+ Qxb5 10. Bxb5+ Bd7 11. Bxd7+ Nxd7 12. O-O Be7 13. Be3 O-O 14.
Na5 b6 15. Nc6 Rac8 16. Nxe7+ Kh8 17. Nxc8 Rxc8 18. c3 Nf6 19. f3 d5 20. Rfd1
dxe4 21. Bg5 h6 22. Bxf6 gxf6 23. Rd7 Kg7 24. fxe4 Rc4 25. Rxa7 Rxe4 26. Rb7 f5
27. Rd1 f4 0-1

[Event "AUTO-BEG-314"]
[Site "http://www.queenalice.com/game.php?id=585587"]
[Date "2009.5.9"]
[Round "1"]
[White "emanuelneto"]
[Black "goisneto"]
[Result "1-0"]
[WhiteElo "1441"]
[BlackElo "926"]

1. e4 e5 2. Nf3 Nc6 3. Nc3 Bc5 4. Bc4 Nf6 5. d3 d6 6. h3 h6 7. Bb5 Bd7 8. O-O
O-O 9. Nd5 Nxd5 10. exd5 Nd4 11. Nxd4 Bxd4 12. Bxd7 Qxd7 13. c3 Bb6 14. Qb3 Rfe8
15. Be3 Bxe3 16. fxe3 b6 17. Rae1 a5 18. d4 exd4 19. exd4 Rxe1 20. Rxe1 Re8 21.
Rxe8+ Qxe8 22. Kh2 Qe4 23. Qc4 Qf4+ 24. Kg1 Qc1+ 25. Kh2 g5 26. Qxc7 Qf4+ 27.
Kg1 Qc1+ 28. Kh2 Qf4+ 29. Kh1 1-0

[Event "AUTO-BEG-314"]
[Site "http://www.queenalice.com/game.php?id=585588"]
[Date "2009.5.9"]
[Round "1"]
[White "goisneto"]
[Black "Nelsonbento"]
[Result "0-1"]
[WhiteElo "944"]
[BlackElo "1337"]

1. e4 d5 2. Nc3 c6 3. d3 d4 4. Nce2 c5 5. g3 e5 6. Nf3 h6 7. Nxe5 Nf6 8. Bg2 Bd6
9. Nf3 Be6 10. Nf4 c4 11. Nxe6 fxe6 0-1

[Event "AUTO-BEG-314"]
[Site "http://www.queenalice.com/game.php?id=585589"]
[Date "2009.5.9"]
[Round "1"]
[White "Nelsonbento"]
[Black "goisneto"]
[Result "1-0"]
[WhiteElo "1335"]
[BlackElo "920"]

1. e4 e5 2. d4 exd4 3. Qxd4 Nc6 4. Qc3 Nf6 5. Bc4 Bd6 6. a3 O-O 7. Nf3 Re8 8.
O-O Nxe4 9. Qe3 Ng3 10. Qd2 Nxf1 11. Kxf1 1-0